[Event "Campeonato España Sub 16"]
[Site "Salobreña"]
[Date "2017.07.29"]
[Round "9"]
[White "Guerrero Mendez, Jesus"]
[Black "Jausas Lopez, Andrea"]
[Result "1-0"]
[Board "24"]
[WhiteClock "1:30"]
[WhiteElo "1978"]
[WhiteCountry "ESP"]
[WhiteFideId "22275169"]
[WhiteEloChange "7"]
[BlackClock "1:22"]
[BlackElo "1878"]
[BlackCountry "ESP"]
[BlackFideId "22274901"]
[BlackEloChange "-7"]

1. e4 {[%clk 1:30:00]} c5 {[%clk 1:22:00]} 2. Nf3 {[%clk 1:30:00]} e6 {[%clk
1:22:00]} 3. d4 {[%clk 1:30:00]} cxd4 {[%clk 1:22:00]} 4. Nxd4 {[%clk 1:30:00]}
a6 {[%clk 1:22:00]} 5. Bd3 {[%clk 1:30:00]} Nf6 {[%clk 1:22:00]} 6. f4 {[%clk
1:30:00]} d6 {[%clk 1:22:00]} 7. Nb3 {[%clk 1:30:00]} Nc6 {[%clk 1:22:00]} 8. Qe2
{[%clk 1:30:00]} Qc7 {[%clk 1:20:00]} 9. Be3 {[%clk 1:30:00]} Be7 {[%clk
1:18:00]} 10. Nc3 {[%clk 1:29:00]} Nd7 {[%clk 1:10:00]} 11. g4 {[%clk 1:24:00]}
Bh4+ {[%clk 1:06:00]} 12. Bf2 {[%clk 1:23:00]} Bxf2+ {[%clk 1:04:00]} 13. Qxf2
{[%clk 1:23:00]} Qb6 {[%clk 1:03:00]} 14. Qxb6 {[%clk 1:20:00]} Nxb6 {[%clk
1:03:00]} 15. O-O-O {[%clk 1:19:00]} Ne7 {[%clk 0:57:00]} 16. Be2 {[%clk
1:18:00]} d5 {[%clk 0:43:00]} 17. Bf3 {[%clk 1:16:00]} O-O {[%clk 0:39:00]} 18.
exd5 {[%clk 1:13:00]} Nbxd5 {[%clk 0:34:00]} 19. Nxd5 {[%clk 1:13:00]} Nxd5
{[%clk 0:33:30]} 20. Bxd5 {[%clk 1:11:00]} exd5 {[%clk 0:33:30]} 21. f5 {[%clk
1:10:30]} Bd7 {[%clk 0:30:00]} 22. Rd4 {[%clk 1:05:00]} Bc6 {[%clk 0:28:00]} 23.
Na5 {[%clk 1:04:29]} Rac8 {[%clk 0:18:58]} 24. Re1 {[%clk 1:04:00]} Rfe8 {[%clk
0:17:30]} 25. Rxe8+ {[%clk 1:04:00]} Rxe8 {[%clk 0:17:45]} 26. Nxc6 {[%clk
1:03:00]} bxc6 {[%clk 0:18:09]} 27. Rb4 {[%clk 1:03:00]} h6 {[%clk 0:17:03]} 28.
Kd2 {[%clk 1:04:00]} g6 {[%clk 0:14:38]} 29. Rb6 {[%clk 1:04:00]} gxf5 {[%clk
0:14:46]} 30. gxf5 {[%clk 1:04:00]} Re5 {[%clk 0:14:51]} 31. Rxc6 {[%clk
1:04:00]} Kh7 {[%clk 0:14:16]} 32. Rxa6 {[%clk 1:03:30]} Rxf5 {[%clk 0:14:27]}
33. b4 {[%clk 1:03:00]} Rf2+ {[%clk 0:14:11]} 34. Kc3 {[%clk 1:03:00]} Rxh2
{[%clk 0:11:27]} 35. b5 {[%clk 1:02:31]} Rh4 {[%clk 0:11:06]} 36. Rd6 {[%clk
1:03:00]} Rc4+ {[%clk 0:10:50]} 37. Kb3 {[%clk 1:03:00]} Rc5 {[%clk 0:11:00]} 38.
a4 {[%clk 1:03:00]} h5 {[%clk 0:10:43]} 39. b6 {[%clk 1:04:00]} Rc8 {[%clk
0:10:59]} 40. Rxd5 {[%clk 1:03:00]} Kg6 {[%clk 0:11:04]} 41. a5 {[%clk 1:04:00]}
Kf6 {[%clk 0:10:53]} 42. b7 {[%clk 1:03:00]} Rb8 {[%clk 0:11:10]} 43. a6 {[%clk
1:04:00]} h4 {[%clk 0:11:14]} 44. Rb5 {[%clk 1:03:00]} h3 {[%clk 0:11:19]} 45. a7
{[%clk 1:04:00]} h2 {[%clk 0:10:49]} 46. axb8Q {[%clk 0:50:28]} h1Q {[%clk
0:10:49]} 47. Qe5+ {[%clk 0:50:00]} Kg6 48. Qg5+ {[%clk 0:50:00]} 1-0

[Event "Campeonato España Sub 16"]
[Site "Salobreña"]
[Date "2017.07.29"]
[Round "9"]
[White "Toquero Gracia, Pau"]
[Black "Gonzalez Eiris, Daniel"]
[Result "1/2-1/2"]
[Board "25"]
[WhiteClock "1:31"]
[WhiteElo "1971"]
[WhiteCountry "ESP"]
[WhiteFideId "32086296"]
[WhiteEloChange "-5"]
[BlackClock "1:23"]
[BlackElo "1799"]
[BlackCountry "ESP"]
[BlackFideId "32066643"]
[BlackEloChange "5"]

1. e4 {[%clk 1:31:00]} e6 {[%clk 1:23:00]} 2. d4 {[%clk 1:31:00]} d5 {[%clk
1:23:00]} 3. exd5 {[%clk 1:31:00]} exd5 {[%clk 1:23:00]} 4. Nf3 {[%clk 1:31:00]}
Bd6 {[%clk 1:23:00]} 5. c4 {[%clk 1:31:00]} c6 {[%clk 1:23:00]} 6. Nc3 {[%clk
1:31:00]} Ne7 {[%clk 1:23:00]} 7. Bd3 {[%clk 1:31:00]} dxc4 {[%clk 1:23:00]} 8.
Bxc4 {[%clk 1:31:00]} O-O {[%clk 1:23:00]} 9. O-O {[%clk 1:31:00]} Nd7 {[%clk
1:23:00]} 10. Bg5 {[%clk 1:31:00]} Nb6 {[%clk 1:22:00]} 11. Bb3 {[%clk 1:32:00]}
h6 {[%clk 1:19:00]} 12. Bh4 {[%clk 1:32:00]} Bg4 {[%clk 1:17:00]} 13. Re1 {[%clk
1:26:00]} Qc7 {[%clk 1:15:00]} 14. h3 {[%clk 1:25:00]} Bh5 {[%clk 1:15:00]} 15.
Qd3 {[%clk 1:23:00]} Bg6 {[%clk 1:09:00]} 16. Qd2 {[%clk 1:17:00]} Nf5 {[%clk
1:05:00]} 17. Ne4 {[%clk 1:12:00]} Bf4 {[%clk 1:03:00]} 18. Qc3 {[%clk 1:12:00]}
Rae8 {[%clk 1:03:00]} 19. Nc5 {[%clk 1:08:00]} Nd7 {[%clk 0:58:00]} 20. Nd3
{[%clk 1:04:00]} Bd6 {[%clk 0:52:00]} 21. Bc2 {[%clk 0:51:00]} Nb6 {[%clk
0:49:00]} 22. Bb3 {[%clk 0:49:00]} Kh7 {[%clk 0:45:00]} 23. Nde5 {[%clk 0:42:00]}
Nd7 {[%clk 0:35:00]} 24. Nxg6 {[%clk 0:21:00]} fxg6 {[%clk 0:34:29]} 25. Rxe8
{[%clk 0:17:14]} Rxe8 {[%clk 0:36:00]} 26. Re1 {[%clk 0:16:54]} Rf8 {[%clk
0:24:00]} 27. Qd3 {[%clk 0:12:53]} Bb4 {[%clk 0:21:00]} 28. Re6 {[%clk 0:10:54]}
Qf4 {[%clk 0:13:10]} 29. Bg3 {[%clk 0:10:58]} Qc1+ {[%clk 0:12:54]} 30. Kh2
{[%clk 0:11:04]} Rf6 {[%clk 0:11:50]} 31. a3 {[%clk 0:08:23]} Nxg3 {[%clk
0:08:56]} 32. fxg3 {[%clk 0:08:33]} Bd6 {[%clk 0:06:11]} 33. Rxf6 {[%clk
0:08:13]} Nxf6 {[%clk 0:05:39]} 34. Bc2 {[%clk 0:06:18]} Qxb2 {[%clk 0:04:42]}
35. Qxg6+ {[%clk 0:06:23]} Kg8 {[%clk 0:04:44]} 36. Qf5 {[%clk 0:04:31]} Qxa3
{[%clk 0:02:22]} 37. Qe6+ {[%clk 0:04:33]} Kh8 {[%clk 0:02:33]} 38. Qc8+ {[%clk
0:04:21]} Ng8 {[%clk 0:01:48]} 39. Qf5 {[%clk 0:04:34]} Nf6 {[%clk 0:01:58]} 40.
Ne5 {[%clk 0:04:14]} Qa2 {[%clk 0:00:37]} 41. Qc8+ {[%clk 0:02:08]} Ng8 {[%clk
0:00:41]} 42. Ng6+ {[%clk 0:00:48]} Kh7 {[%clk 0:01:06]} 43. Qf5 {[%clk 0:00:57]}
Nf6 {[%clk 0:01:00]} 44. Ne7+ {[%clk 0:00:32]} Kh8 {[%clk 0:01:24]} 45. Qc8+
{[%clk 0:00:36]} Ng8 {[%clk 0:01:43]} 46. Ng6+ {[%clk 0:00:33]} Kh7 {[%clk
0:02:08]} 47. Bf5 {[%clk 0:00:34]} h5 {[%clk 0:00:51]} 48. Be6 {[%clk 0:00:31]}
Qa3 {[%clk 0:00:33]} 49. Qxg8+ {[%clk 0:00:32]} Kxg6 {[%clk 0:00:44]} 50. Qe8+
{[%clk 0:00:33]} Kh6 {[%clk 0:00:39]} 51. Qh8+ {[%clk 0:00:39]} Kg6 {[%clk
0:00:39]} 1/2-1/2